| 000 | 01353nam a2200313 a 4500 | ||
|---|---|---|---|
| 001 | ebr10718830 | ||
| 003 | CaPaEBR | ||
| 006 | m o u | ||
| 007 | cr cn||||||||| | ||
| 008 | 150303s2013 njua sb 001 0 eng d | ||
| 020 | _z9780470572184 | ||
| 020 | _z9781118355862 (e-book) | ||
| 040 |
_aCaPaEBR _cCaPaEBR |
||
| 035 | _a(OCoLC)836557859 | ||
| 050 | 1 | 4 |
_aQD281.O9 _b.M65 2013eb |
| 082 | 0 | 4 |
_a571.9/453 _223 |
| 245 | 0 | 0 |
_aMolecular basis of oxidative stress _h[electronic resource] : _bchemistry, mechanisms, and disease pathogenesis / _cedited by Frederick A. Villamena. |
| 260 |
_aHoboken, N.J. : _bWiley, _cc2013. |
||
| 300 |
_a1 online resource (xxvi, 420 p.) : _bill. |
||
| 504 | _aIncludes bibliographical references at the end of each chapters and index. | ||
| 533 |
_aElectronic reproduction. _bPalo Alto, Calif. : _cebrary, _d2015. _nAvailable via World Wide Web. _nAccess may be limited to ebrary affiliated libraries. |
||
| 588 | _aDescription based on online resource; title from title page (ebrary, viewed June 18, 2013). | ||
| 650 | 0 | _aOxidative stress. | |
| 650 | 0 | _aOxidation. | |
| 655 | 7 |
_aElectronic books. _2local |
|
| 700 | 1 | _aVillamena, Frederick A. | |
| 710 | 2 | _aebrary, Inc. | |
| 856 | 4 | 0 |
_uhttp://site.ebrary.com/lib/rucke/Doc?id=10718830 _zAn electronic book accessible through the World Wide Web; click to view |
| 999 |
_c28054 _d28054 |
||